Quiz o stolicach Europy #1 - Statystyki

Ogólne statystyki
  • Ten quiz został rozwiązany 94 razy
  • Średni wynik to 14 z 15
Statystyki odpowiedzi
Zagadnienie Odpowiedź % Poprawnych
Które miasto jest stolicą Słowacji? Bratysława
100%
Które miasto jest stolicą Belgii? Bruksela
100%
Które miasto jest stolicą Finlandii? Helsinki
100%
Które miasto jest stolicą Wielkiej Brytanii? Londyn
100%
Które miasto jest stolicą Luksemburga? Luksemburg
100%
Które miasto jest stolicą Rosji? Moskwa
100%
Które miasto jest stolicą Czech? Praga
100%
Które miasto jest stolicą San Marino? San Marino
100%
Które miasto jest stolicą Polski? Warszawa
100%
Które miasto jest stolicą Austrii? Wiedeń
100%
Które miasto jest stolicą Andory? Andora
92%
Które miasto jest stolicą Monako? Monako
92%
Które miasto jest stolicą Kosowa? Prisztina
75%
Które miasto jest stolicą Liechtensteinu? Vaduz
75%
Które miasto jest stolicą Czarnogóry? Podgorica
58%
Nie znaleziono quizów pasujących do podanych kryteriów
Rozkład punktacji
Procent ludzi z każdym wynikiem
Percentyl według liczby udzielonych odpowiedzi
Twoja historia wyników
Nie rozwiązałeś tego quizu